Normal view MARC view
  • Schrader, Franz,

Entry Nombre Personal

Number of records used in: 1

001 - NUMERO DE CONTROL

  • campo de control: 51932

003 - IDENTIFICADOR DE NUMERO DE CONTROL

  • campo de control: MX-MxUPN

005 - FECHA Y HORA DE LA ÜLTIMA TRANSACCIÓN

  • campo de control: 20240514095728.0

008 - DATOS DE LONGITUD FIJA

  • campo de control de longitud fija: 240514|| aca||aabn a aaa d

040 ## - FUENTE DE CATALOGACIÓN

  • Agencia original de catalogación: MX-MxUPN
  • Lenguaje de catalogación: spa
  • Agencia de transcripción: MX-MxUPN

046 ## - FECHAS CON CODIFICACIÓN ESPECIAL

  • Fecha de nacimiento: 18440111
  • Fecha de muerte: 19241018

100 1# - ENCABEZAMIENTO - NOMBRE PERSONAL

  • Nombre personal: Schrader, Franz,
  • Fechas asociadas con el nombre: 1844-1924

370 ## - LUGAR ASOCIADO

  • Fuente del término: $naf
  • Place of birth: Bordeos (Nueva Aquitania, Francia)
  • Place of death: París (Francia)

373 ## - GRUPO ASOCIADO

  • Associated group: École d’anthropologie de París

374 ## - OCUPACIÓN

  • Occupation: Geográfo
  • Occupation: Cartógrafo
  • Occupation: Alpinista

378 ## - FORMA COMPLETA DE NOMBRE PERSONAL

  • Fuller form of personal name: Jean Daniel François

400 1# - VEÁSE - NOMBRE DE PERSONA

  • Personal name: Schrader, Francisco,
  • Dates associated with a name: 1844-1924

670 ## - FUENTE EN LA QUE SE LOCALIZARON DATOS

  • Cita de la fuente: LC, 14 mayo 2024:
  • Información localizada: (Schrader, Franz, 1844-1924)
  • Uniform Resource Identifier: https://lccn.loc.gov/n95120843

670 ## - FUENTE EN LA QUE SE LOCALIZARON DATOS

  • Cita de la fuente: Elementos de geografía, 1898:
  • Información localizada: portada (Francisco Schrader)